NFL Knowledge Quiz - Statistics

General Stats
  • This quiz has been taken 102 times
  • The average score is 11 of 15
Answer Stats
Question Answer % Correct
Which team is from KC Chiefs
100%
Who won 7 super bowls Tom Brady
100%
Who had the first undefeated team (Playoffs included) Dolphins
97%
Who introduced the griddy to the nfl Justin Jefferson
95%
Who won the first ever super bowl Packers
94%
Who is Kirko Chainz Kirk Cousins
92%
Who was the first WR to ever get a MVP vote Jerry Rice
81%
First team to lose super bowl Chiefs
78%
Who caught the helmet catch in the 2007 superbowl David Tyree
76%
Which team was the first to 6 Super Bowl championships Steelers
76%
What year was the first undefeated season of all time (Playoffs included) 1972
68%
Which Two teams did Bill Belichick coach Patriots & Browns
44%
Who did the bears lose to causing them to not go undefeated in 1985 Dolphins
29%
Where did the Super Bowl get its name from A popular toy in the 60’s
22%
Who was the first team to not win a game in single season (without a tie) Buccaneers
19%
No matching quizzes found
Score Distribution
Percent of People with Each Score
Percentile by Number Answered
Your Score History
You have not taken this quiz